<?xml version="1.0" encoding="UTF-8"?>
<record
    xmlns:xsi="http://www.w3.org/2001/XMLSchema-instance"
    xsi:schemaLocation="http://www.loc.gov/MARC21/slim http://www.loc.gov/standards/marcxml/schema/MARC21slim.xsd"
    xmlns="http://www.loc.gov/MARC21/slim">

  <leader>00783cam a2200205Ia 4500</leader>
  <controlfield tag="001">u17669</controlfield>
  <controlfield tag="003">SIRSI</controlfield>
  <controlfield tag="008">050928s2004    ua            000 0 ara d</controlfield>
  <datafield tag="040" ind1=" " ind2=" ">
    <subfield code="a">EAL</subfield>
  </datafield>
  <datafield tag="041" ind1=" " ind2=" ">
    <subfield code="a">ara</subfield>
  </datafield>
  <datafield tag="050" ind1=" " ind2=" ">
    <subfield code="a">ORG TP379</subfield>
    <subfield code="b">S47 2004</subfield>
  </datafield>
  <datafield tag="110" ind1="2" ind2=" ">
    <subfield code="a">&#x634;&#x631;&#x643;&#x629; &#x627;&#x644;&#x633;&#x643;&#x631; &#x648; &#x627;&#x644;&#x635;&#x646;&#x627;&#x639;&#x627;&#x62A; &#x627;&#x644;&#x62A;&#x643;&#x627;&#x645;&#x644;&#x64A;&#x629;</subfield>
  </datafield>
  <datafield tag="245" ind1="1" ind2="0">
    <subfield code="a">&#x627;&#x644;&#x62A;&#x642;&#x631;&#x64A;&#x631; &#x627;&#x644;&#x633;&#x646;&#x648;&#x649; &#x639;&#x646; &#x625;&#x646;&#x62A;&#x627;&#x62C; &#x648; &#x62A;&#x635;&#x646;&#x64A;&#x639; &#x627;&#x644;&#x645;&#x62D;&#x627;&#x635;&#x64A;&#x644; &#x627;&#x644;&#x633;&#x643;&#x631;&#x64A;&#x629; &#x648; &#x627;&#x644;&#x635;&#x646;&#x627;&#x639;&#x627;&#x62A; &#x627;&#x644;&#x62A;&#x643;&#x627;&#x645;&#x644;&#x64A;&#x629; &#x644;&#x639;&#x627;&#x645; 2003/2004.</subfield>
  </datafield>
  <datafield tag="260" ind1=" " ind2=" ">
    <subfield code="a">[&#x627;&#x644;&#x642;&#x627;&#x647;&#x631;&#x629;]:</subfield>
    <subfield code="b">&#x645;&#x637;&#x627;&#x628;&#x639; &#x634;&#x631;&#x643;&#x629; &#x627;&#x644;&#x633;&#x643;&#x631;&#x60C;</subfield>
    <subfield code="c">2004.</subfield>
  </datafield>
  <datafield tag="300" ind1=" " ind2=" ">
    <subfield code="a">61&#x635;:</subfield>
    <subfield code="b">&#x627;&#x64A;&#x636;;</subfield>
    <subfield code="c">30 &#x633;&#x645;.</subfield>
  </datafield>
  <datafield tag="596" ind1=" " ind2=" ">
    <subfield code="a">1</subfield>
  </datafield>
  <datafield tag="653" ind1=" " ind2=" ">
    <subfield code="a">&#x627;&#x644;&#x633;&#x643;&#x631;</subfield>
    <subfield code="x">&#x635;&#x646;&#x627;&#x639;&#x629; &#x648; &#x62A;&#x62C;&#x627;&#x631;&#x629;</subfield>
    <subfield code="v">&#x62A;&#x642;&#x627;&#x631;&#x64A;&#x631;.</subfield>
  </datafield>
  <datafield tag="653" ind1=" " ind2=" ">
    <subfield code="a">&#x627;&#x644;&#x633;&#x643;&#x631;</subfield>
    <subfield code="x">&#x645;&#x635;&#x627;&#x646;&#x639;</subfield>
    <subfield code="v">&#x62A;&#x642;&#x627;&#x631;&#x64A;&#x631;.</subfield>
  </datafield>
  <datafield tag="942" ind1=" " ind2=" ">
    <subfield code="c">BK</subfield>
    <subfield code="2">lcc</subfield>
  </datafield>
  <datafield tag="952" ind1=" " ind2=" ">
    <subfield code="0">0</subfield>
    <subfield code="1">0</subfield>
    <subfield code="2">lcc</subfield>
    <subfield code="4">0</subfield>
    <subfield code="7">0</subfield>
    <subfield code="a">ENAL</subfield>
    <subfield code="b">ENAL</subfield>
    <subfield code="d">2018-02-20</subfield>
    <subfield code="l">0</subfield>
    <subfield code="o">ORG TP379.S47 2004</subfield>
    <subfield code="p">31249-1001</subfield>
    <subfield code="r">2018-02-20 00:00:00</subfield>
    <subfield code="t">1</subfield>
    <subfield code="w">2018-02-20</subfield>
    <subfield code="y">BK</subfield>
  </datafield>
  <datafield tag="999" ind1=" " ind2=" ">
    <subfield code="c">25539</subfield>
    <subfield code="d">25539</subfield>
  </datafield>
</record>
